000 01008nam a22003017a 4500
003 CHAP
005 20220329141803.0
008 971013s r 00010 d
010 _a73819
011 _a74791
035 _a84350
040 _cCHAP
082 _a332.67
_bG37
100 0 0 _aGarrido Torres, José.
_946966
245 _aEmpreendimientos de capitais mistos internacionais no Brasil
260 _aWashington :
_bInstituto de Desarrollo Económico,
_c(s.a.)
300 _a180 p.
_b: tabls.
500 _aPublicado originalment en 1959 por Columbia University, N.Y.
590 _aBATCH-UPD
_b10
_c20130110
_lUCH01
_h0502
590 _aBATCH-UPD
_b10
_c20130410
_lUCH01
_h0140
590 _aBATCH-UPD
_b10
_c20130914
_lUCH01
_h0748
590 _aCONVERSION
_b10
_c20130109
_lUCH01
_h1340
650 1 4 _aBrasil
_xCondiciones económicas.
_915057
650 1 4 _aInversiones extranjeras.
_960193
901 _aBK
942 _cLIBRO
949 _a332.67 G37
_bBC
_cLIBRO
_d33724000346151
_eLIBRO
_i84350
_mD
_si
999 _c73819
_d73819